Carta local : (Record no. 196139)

MARC details
000 -LEADER
campo de control de longitud fija 01466nas a2200385 i 4500
001 - NÚMERO DE CONTROL
campo de control 196139
005 - FECHA Y HORA DE LA ÚLTIMA TRANSACCIÓN
campo de control 20260623114319.0
008 - DATOS DE LONGITUD FIJA--INFORMACIÓN GENERAL
campo de control de longitud fija 920401c1990 sp mu u0uuu 0spa
015 ## - NÚMERO DE BIBLIOGRAFÍA NACIONAL
Número de bibliografía nacional 1990/1991-1878
016 7# - NÚMERO DE CONTROL DE UNA AGENCIA BIBLIOGRÁFICA NACIONAL
Número de control del registro biseBNE19940194149
Fuente SpMaBN
Número de control cancelado/no válido REVIS0000002991
017 ## - NÚMERO DE COPYRIGHT O DE DEPÓSITO LEGAL
Número de copyright o de depósito legal M 2585-1990
Agencia que asigna Oficina Depósito Legal Madrid
035 ## - NÚMERO DE CONTROL DEL SISTEMA
Número de control de sistema (OCoLC)436517997
035 ## - NÚMERO DE CONTROL DEL SISTEMA
Número de control de sistema (SpMaBN)bise0000018034
037 ## - FUENTE DE ADQUISICIÓN
Fuente del número de adquisición Nuncio, 8, 28005; tf. 913643700, fax: 913655482; c.e.: femp@femp.es, p. web: www.femp.es
040 ## - FUENTE DE CATALOGACIÓN
Centro catalogador/agencia de origen SpMaBN
Lengua de catalogación spa
Centro/agencia transcriptor SIC
Centro/agencia modificador ES-MaACL
080 ## - NÚMERO DE LA CLASIFICACIÓN DECIMAL UNIVERSAL
Número de la Clasificación Decimal Universal 352(460)
245 00 - MENCIÓN DEL TÍTULO
Título Carta local :
Resto del título boletín informativo de la Federación Española de Municipios y Provincias
260 ## - PUBLICACIÓN, DISTRIBUCIÓN, ETC.
Lugar de publicación, distribución, etc. Madrid :
Nombre del editor, distribuidor, etc. FEMP,
300 ## - DESCRIPCIÓN FÍSICA
Extensión v. ;
Dimensiones 28 cm
310 ## - PERIODICIDAD ACTUAL
Periodicidad actual Mensual
336 ## - TIPO DE CONTENIDO
Fuente rdacontent
Término de tipo de contenido texto
337 ## - TIPO DE MEDIO
Fuente rdamedia
Nombre/término del tipo de medio sin mediación
338 ## - TIPO DE SOPORTE
Fuente rdacarrier
Nombre/término del tipo de soporte volumen
362 1# - FECHAS DE PUBLICACIÓN Y/O DESIGNACIÓN SECUENCIAL
Fecha de publicación y/o designación secuencial Comenzó con: n. 1 (en. 1990)
588 0# - NOTA DE FUENTE DE LA DESCRIPCIÓN
Nota de fuente de la descripción Descripción basada en : n. 365 (feb. 2023)
650 #4 - PUNTO DE ACCESO ADICIONAL DE MATERIA--TÉRMINO DE MATERIA
Término de materia o nombre geográfico como elemento de entrada Municipios-
Subdivisión geográfica España
Fuente del encabezamiento o término embne
9 (RLIN) 15357
655 #7 - TERMINO DE INDIZACIÓN--GENERO/FORMA
9 (RLIN) 226866
Datos o término principal de género/forma Revistas
710 0# - ENTRADA AGREGADA--NOMBRE DE ENTIDAD CORPORATIVA
Nombre de entidad corporativa o nombre de jurisdicción como elemento de entrada Federación Española de Municipios y Provincias
9 (RLIN) 4104
852 ## - LOCALIZACIÓN
Ubicación ES-MaACL
Número de control de estantería HEM-H-512
Ubicación en estantería Hemeroteca
Donativo/Legado Donación: Editorial
Nota libre Revista viva
-- Casillero actual: Cº 10
itemnumber 203956
856 4# - LOCALIZACIÓN Y ACCESO ELECTRÓNICOS
Identificador Uniforme de Recursos <a href="http://femp.femp.es/cartalocal_front">http://femp.femp.es/cartalocal_front</a>
Texto de enlace Recurso relacionado
866 ## - MENCIÓN TEXTUAL DE FONDOS--UNIDAD BIBLIOGRÁFICA BÁSICA
Fondos 2019-(2023)2024-2025-2026
942 ## - ELEMENTOS DE ENTRADA SECUNDARIOS (KOHA)
Fuente del sistema de clasificación o colocación Clasificación decimal universal
Suprimir en OPAC No
Tipo de ítem Koha Revista
955 ## - CATALOGADOR - EDICIÓN
Nombre de catalogador Verónica Torres Díaz
Holdings
Estatus retirado Estado de pérdida Fuente del sistema de clasificación o colocación Especificación de materiales (volumen encuadernado u otra parte) Estado de daño No para préstamo Colección Biblioteca de origen Biblioteca actual Ubicación en estantería Fecha de adquisición Fuente de adquisición Total de préstamos Signatura topográfica completa Código de barras Visto por última vez Precio de reemplazo Tipo de ítem Koha
    Clasificación decimal universal Último número recibido: N.º400 2025)     Periódicos y Revistas Biblioteca del Ateneo de Madrid Biblioteca del Ateneo de Madrid Hemeroteca 14/08/2024 Donación   HEM-H-512 (Cº 10) 101228778 14/08/2024 14/08/2024 Revista